[Event "Well? There you go.."]
[Site "http://www.queenalice.com/game.php?id=1492011"]
[Date "2017.8.29"]
[Round "-"]
[White "HTH"]
[Black "CNJEDUARDO"]
[Result "1-0"]
[WhiteElo "2328"]
[BlackElo "2159"]

1. e4 c5 2. d4 cxd4 3. c3 g6 4. Nf3 dxc3 5. Nxc3 Bg7 6. Bc4 Nc6 7. e5 e6 8. Bf4
Nge7 9. O-O O-O 10. Ne4 Qa5 11. Nd6 Nf5 12. Nxf5 exf5 13. Rc1 Qb4 14. Re1 Qxb2
15. Qd3 Qb4 16. a3 Qa5 17. h4 Nd8 18. h5 Ne6 19. hxg6 hxg6 20. Bxe6 dxe6 21. Ng5
b6 22. Qh3 Rd8 23. Qh7+ Kf8 24. Nxf7 Kxf7 25. Bh6 Rg8 26. Rc7+ Bd7 27. Rxd7+ Ke8
28. Red1 Qe1+ 29. Rxe1 Kxd7 30. Rc1 1-0

[Event "Let's Play Chess indeed!"]
[Site "http://www.queenalice.com/game.php?id=1518993"]
[Date "2018.3.9"]
[Round "-"]
[White "HTH"]
[Black "igorjava"]
[Result "1-0"]
[WhiteElo "2335"]
[BlackElo "1991"]

1. e4 c5 2. Nf3 d6 3. b3 Nf6 4. e5 Nd5 5. Bb2 Nc6 6. Bc4 Nb6 7. Bb5 a6 8. Bxc6+
bxc6 9. exd6 exd6 10. O-O Bg4 11. Re1+ Kd7 12. Ne5+ dxe5 13. Qxg4+ Kc7 14. Bxe5+
Kb7 15. Na3 f6 16. Bc3 Rg8 17. Nc4 Nxc4 18. bxc4 Bd6 19. Rab1+ Ka7 20. Qf3 Qc7
21. Ba5 Qxa5 22. Qxc6 Qc7 23. Re7 Bxe7 24. Qxc7# 1-0

[Event "Let's Play Chess!"]
[Site "http://www.queenalice.com/game.php?id=1523926"]
[Date "2018.4.20"]
[Round "-"]
[White "HTH"]
[Black "Juuca"]
[Result "1-0"]
[WhiteElo "2337"]
[BlackElo "2280"]

1. e4 e6 2. d4 d5 3. Nc3 Nf6 4. Bg5 Bb4 5. Ne2 dxe4 6. a3 Be7 7. Bxf6 Bxf6 8.
Nxe4 O-O 9. Qd3 b6 10. Nxf6+ Qxf6 11. Qe4 c6 12. Nc3 Bb7 13. Bd3 g6 14. O-O-O
Nd7 15. Qe3 c5 16. Be4 Bxe4 17. Nxe4 Qg7 18. dxc5 Nxc5 19. Nxc5 bxc5 20. Qxc5
Rab8 21. Qd4 e5 22. Qxa7 e4 23. Qd4 Qh6+ 24. Qe3 Qg7 25. c3 Qe5 26. Rd4 f5 27.
g3 Rb3 28. Rhd1 Rfb8 29. Rd8+ Kf7 30. Qa7+ R3b7 31. R8d7+ 1-0

[Event "Hewwo!!"]
[Site "http://www.queenalice.com/game.php?id=1530688"]
[Date "2018.6.13"]
[Round "-"]
[White "HTH"]
[Black "krystek23"]
[Result "1-0"]
[WhiteElo "2347"]
[BlackElo "2350"]

1. e4 c5 2. Nc3 e6 3. g3 Nc6 4. Bg2 g6 5. d3 Bg7 6. Be3 d6 7. Qd2 Nf6 8. h3 O-O
9. Nge2 a6 10. O-O Bd7 11. f4 Rc8 12. g4 Ne8 13. f5 b5 14. fxe6 Bxe6 15. a3 Nd4
16. Rae1 Qd7 17. Nd5 Bxd5 18. exd5 Nxe2+ 19. Rxe2 f5 20. gxf5 Rxf5 21. Rxf5 Qxf5
22. c3 Be5 23. Bxc5 dxc5 24. Qe1 Bf6 25. Rxe8+ Rxe8 26. Qxe8+ Kg7 27. Qc6 Qxd3
28. Qc7+ Kh6 29. Qf4+ Kg7 30. Qc7+ Kh6 31. Qf4+ Bg5 32. Qf8+ Kh5 33. Qf3+ Qxf3
34. Bxf3+ Kh4 35. Kg2 Bf4 36. Bg4 Kg5 37. Kf3 Be5 38. Ke4 Bd6 39. Bc8 a5 40. b3
a4 41. bxa4 bxa4 42. Bd7 c4 43. Bxa4 Bb8 44. Bd7 Kf6 45. Kd4 Ke7 46. Be6 Bc7 47.
Kxc4 Ba5 48. Kd4 Bb6+ 49. Ke4 h5 50. c4 Kd6 51. Bf7 Bc7 52. Bxg6 h4 53. Bf7 Bb6
54. Kf5 Kc5 55. Ke6 Bc7 56. Be8 Kxc4 57. d6 Bb6 58. a4 Kc5 59. Ke7 Kb4 60. Bb5
Kc5 61. d7 Kd4 62. d8=Q+ Bxd8+ 63. Kxd8 Ke3 64. a5 Kf2 65. a6 Kg3 66. Bd7 Kf4
67. a7 Kg3 68. Ke7 1-0

[Event "Custard..."]
[Site "http://www.queenalice.com/game.php?id=1585395"]
[Date "2019.10.3"]
[Round "-"]
[White "HTH"]
[Black "E5150"]
[Result "1/2-1/2"]
[WhiteElo "2359"]
[BlackElo "2318"]

1. e4 e6 2. d4 d5 3. Nc3 Nf6 4. Bg5 dxe4 5. Nxe4 Nbd7 6. Nxf6+ Nxf6 7. Nf3 c5 8.
Bb5+ Bd7 9. Bxd7+ Qxd7 10. Qe2 Be7 11. O-O-O O-O 12. dxc5 Qc7 13. Ne5 Rfd8 14.
Nd3 h6 15. Bf4 Qa5 16. Kb1 Bxc5 17. Nxc5 Qxc5 18. Be5 Qc6 19. Bxf6 gxf6 20. Qg4+
Kh7 21. Qh5 Kg7 22. Qg4+ Kh8 23. Qh5 Kg7 24. Qg4+ Kh8 25. Qh5 Kg7 26. Qg4+
1/2-1/2

[Event "Let's Play Chess!"]
[Site "http://www.queenalice.com/game.php?id=1588667"]
[Date "2019.11.2"]
[Round "-"]
[White "HTH"]
[Black "ulisses34"]
[Result "1-0"]
[WhiteElo "2358"]
[BlackElo "1711"]

1. e4 e5 2. f4 exf4 3. Nf3 Be7 4. Nc3 Bh4+ 5. Ke2 b6 6. d4 Nc6 7. Bxf4 d6 8. Kd2
Bf6 9. Bb5 Bd7 10. Kc1 Nb4 11. Qe2 a6 12. Bc4 Bg4 13. e5 Be7 14. a3 Nc6 15.
Bxf7+ Kxf7 16. Qc4+ d5 17. Qxc6 Bxf3 18. Rf1 g5 19. Be3 1-0

[Event "Let's Play Chess!"]
[Site "http://www.queenalice.com/game.php?id=1589815"]
[Date "2019.11.12"]
[Round "-"]
[White "Asspain"]
[Black "HTH"]
[Result "0-1"]
[WhiteElo "2147"]
[BlackElo "2359"]

1. e4 e6 2. d4 d5 3. Nc3 Nf6 4. Bg5 Bb4 5. e5 h6 6. Bd2 Bxc3 7. bxc3 Ne4 8. Nf3
c5 9. Bd3 Nc6 10. O-O Nxd2 11. Qxd2 Qa5 12. Rfd1 cxd4 13. cxd4 Qxd2 14. Rxd2 Na5
15. Bb5+ Ke7 16. Rb1 Rd8 17. Ne1 Bd7 18. Nd3 Bxb5 19. Rxb5 b6 20. Nb4 Nc4 21.
Nc6+ Kf8 22. Rd3 Rdc8 0-1

[Event "Let's Play Chess!"]
[Site "http://www.queenalice.com/game.php?id=1591843"]
[Date "2019.12.2"]
[Round "-"]
[White "HTH"]
[Black "josebaron"]
[Result "1-0"]
[WhiteElo "2365"]
[BlackElo "2021"]

1. e4 e5 2. f4 exf4 3. Nf3 d6 4. Nc3 Be7 5. d4 c5 6. Bb5+ Bd7 7. Bxf4 Bxb5 8.
Nxb5 a6 9. Nc3 cxd4 10. Nxd4 Nf6 11. Nf5 O-O 12. Nxe7+ Qxe7 13. Bxd6 Qe8 14.
Bxf8 Kxf8 15. Qd6+ Qe7 16. Qxe7+ Kxe7 17. Nd5+ Nxd5 18. exd5 Kd6 19. O-O-O Nd7
20. Rhe1 g5 21. Re3 h5 22. Rf1 f6 23. Rf5 Ne5 24. Rxf6+ Kxd5 25. Rf5 Re8 26.
Rxg5 Kd4 27. Rgg3 a5 28. c3+ Kc4 29. b3+ Kd5 30. Rg5 b5 31. Rxh5 1-0

[Event "Wot did you say?"]
[Site "http://www.queenalice.com/game.php?id=1611325"]
[Date "2020.5.8"]
[Round "-"]
[White "amaisi"]
[Black "HTH"]
[Result "0-1"]
[WhiteElo "2197"]
[BlackElo "2372"]

1. d4 Nf6 2. Nf3 b5 3. g3 e6 4. Bg5 Bb7 5. Bg2 c5 6. O-O cxd4 7. Nxd4 Bxg2 8.
Kxg2 a6 9. e4 Be7 10. e5 Nd5 11. Bxe7 Nxe7 12. Nc3 Qc7 13. Nf3 Nbc6 14. Re1 O-O
15. a3 Ng6 16. Qd6 Qxd6 17. exd6 Rfc8 18. Nd1 f6 19. a4 Nge5 20. Nxe5 Nxe5 21.
Ne3 b4 22. b3 a5 23. Re2 Ra6 24. Rd1 Nf7 25. Nc4 Rc5 26. h4 h5 27. f4 Nh6 28.
Rd3 Kf7 29. Kf3 Rcc6 30. Red2 Nf5 31. Kf2 Rc5 32. c3 bxc3 33. Rxc3 Rcc6 34. Rcd3
Ra8 35. Kf3 Rc5 36. Nb6 Rd8 37. Rb2 e5 38. b4 axb4 39. Rxb4 Ke6 40. fxe5 fxe5
41. Nc4 Nd4+ 42. Ke4 Nc6 0-1

[Event "Let's Play Chess!"]
[Site "http://www.queenalice.com/game.php?id=1628374"]
[Date "2020.9.29"]
[Round "-"]
[White "HTH"]
[Black "igorjava"]
[Result "1-0"]
[WhiteElo "2379"]
[BlackElo "1936"]

1. Na3 d5 2. Nf3 c5 3. c4 d4 4. Ne5 f6 5. Qa4+ Bd7 6. Nxd7 Qxd7 7. Qxd7+ Kxd7 8.
g3 e5 9. d3 Nc6 10. f4 a6 11. fxe5 fxe5 12. Bg2 Nf6 13. Bg5 h6 14. Bxf6 gxf6 15.
Rf1 Bd6 16. Rxf6 Ke7 17. Rf1 Raf8 18. O-O-O Rh7 19. Rxf8 Kxf8 20. Rf1+ Ke7 21.
Nb1 Nd8 22. Bd5 b6 23. Nd2 h5 24. h4 Rg7 25. Ne4 Rg6 26. Rf5 Bc7 27. Rxh5 Rg7
28. Rg5 Rxg5 29. Nxg5 Kf6 30. g4 b5 31. Ne4+ Ke7 32. g5 Bd6 33. g6 Ne6 34. Bxe6
Kxe6 35. Nxd6 Kxd6 36. g7 1-0

[Event "Let's Play Something?!"]
[Site "http://www.queenalice.com/game.php?id=1646133"]
[Date "2021.3.9"]
[Round "-"]
[White "igorjava"]
[Black "HTH"]
[Result "0-1"]
[WhiteElo "1983"]
[BlackElo "2380"]

1. e4 e5 2. f4 Nc6 3. Nf3 f5 4. exf5 e4 5. Ng5 Nf6 6. Nc3 d5 7. Ne6 Bxe6 8. fxe6
d4 9. Nb1 Qd5 10. c4 Qxe6 11. b3 O-O-O 12. h3 Nb4 13. Be2 Nd3+ 14. Bxd3 exd3+
15. Kf2 Ne4+ 16. Kf3 Qc6 17. Kg4 h5+ 0-1

[Event "Let's Play Chess!"]
[Site "http://www.queenalice.com/game.php?id=1648804"]
[Date "2021.4.5"]
[Round "-"]
[White "igorjava"]
[Black "HTH"]
[Result "1-0"]
[WhiteElo "2037"]
[BlackElo "2381"]

1. e4 e5 2. f4 Qf6 3. Nf3 Qxf4 4. Nc3 Bb4 5. d3 Bxc3+ 6. bxc3 Qf6 7. Be2 d6 8.
O-O Qe7 9. Bg5 f6 10. Be3 Nc6 11. a4 a6 12. Qd2 f5 13. Bg5 Nf6 14. exf5 Bxf5 15.
Nh4 1-0

[Event "Let's Play Chess!"]
[Site "http://www.queenalice.com/game.php?id=1761700"]
[Date "2021.6.9"]
[Round "-"]
[White "HTH"]
[Black "edkgpp"]
[Result "1/2-1/2"]
[WhiteElo "2359"]
[BlackElo "2478"]

1. e4 e5 2. Nc3 Nf6 3. Nf3 Nc6 4. d4 exd4 5. Nd5 Nb4 6. Bc4 Nbxd5 7. exd5 Bb4+
8. Bd2 Bxd2+ 9. Qxd2 Qe7+ 10. Qe2 Qxe2+ 11. Kxe2 c5 12. dxc6 bxc6 13. Nxd4 d5
14. Bd3 c5 15. Nb5 O-O 16. b3 Re8+ 17. Kf1 c4 18. bxc4 dxc4 19. Bxc4 Rd8 20. Bd3
g6 21. Ke2 Nd5 22. Rhd1 a6 23. Be4 Bb7 24. c4 Re8 25. Kf3 Rxe4 26. cxd5 Re5 27.
Nc3 Rc8 28. Rd3 a5 29. a4 Ba6 30. Nb5 Rc4 31. Nd6 1/2-1/2

[Event "Let's Play Chess!"]
[Site "http://www.queenalice.com/game.php?id=1783961"]
[Date "2022.3.3"]
[Round "-"]
[White "HTH"]
[Black "josebaron"]
[Result "0-1"]
[WhiteElo "2363"]
[BlackElo "2545"]

1. e4 e5 2. Nc3 Nf6 3. d4 exd4 4. Qxd4 Nc6 5. Qe3 d6 6. Bd2 Be7 7. O-O-O O-O 8.
Bc4 a6 9. h4 Ne5 10. Be2 b5 0-1

[Event "Let's Play Chess!"]
[Site "http://www.queenalice.com/game.php?id=1814289"]
[Date "2023.6.20"]
[Round "-"]
[White "igor12345"]
[Black "HTH"]
[Result "0-1"]
[WhiteElo "1961"]
[BlackElo "2362"]

1. e4 c6 2. d4 d5 3. e5 c5 4. c3 Nc6 5. h3 cxd4 6. cxd4 Bf5 7. a3 e6 8. Nc3 Nge7
9. Bg5 Qb6 10. Nb5 Nc8 11. g4 Bg6 12. Nf3 h5 13. Bg2 Qxb5 14. b4 hxg4 15. hxg4
Rxh1+ 16. Bxh1 a5 17. bxa5 Bxa3 18. Bd2 Nb4 19. Bxb4 Bxb4+ 20. Nd2 Rxa5 21. Rxa5
Qxa5 22. Ke2 Bxd2 23. Qxd2 Qxd2+ 24. Kxd2 Ne7 25. Bf3 Nc6 26. Kc3 b5 27. Bd1 b4+
0-1

[Event "Let's Play Chess!"]
[Site "http://www.queenalice.com/game.php?id=1824772"]
[Date "2023.11.8"]
[Round "-"]
[White "bobifixer"]
[Black "HTH"]
[Result "0-1"]
[WhiteElo "2037"]
[BlackElo "2363"]

1. Nf3 c6 2. d4 f5 3. c4 g6 4. g3 Bg7 5. Bg2 d6 6. Nc3 Nf6 7. O-O O-O 8. Bg5
Nbd7 9. Bxf6 Nxf6 10. Qc2 Qc7 11. e4 fxe4 12. Nxe4 Nxe4 13. Qxe4 Bf5 14. Qe2 Bg4
15. Qd3 Bxf3 16. Bxf3 Bxd4 17. Qxd4 Rxf3 18. Rae1 e5 19. Qe4 Rf5 0-1

[Event "Let's Play Chess!"]
[Site "http://www.queenalice.com/game.php?id=1833874"]
[Date "2024.3.22"]
[Round "-"]
[White "igor12345"]
[Black "HTH"]
[Result "0-1"]
[WhiteElo "1941"]
[BlackElo "2365"]

1. e4 c5 2. Nf3 Nf6 3. Nc3 d5 4. exd5 Nxd5 5. a3 e6 6. Bc4 Nc6 7. O-O Be7 8. d3
O-O 9. Qe2 a6 10. a4 b6 11. Bd2 Bb7 12. Ne4 Qc7 13. Bb3 h6 14. Nc3 Nf4 15. Qe3
Nxg2 16. Kxg2 Nd4 17. Ne4 Nxb3 18. cxb3 f5 19. Nc3 Qc6 20. Ne4 fxe4 21. Ne5 Qc7
22. Ng6 Bg5 23. Qe2 exd3+ 0-1

[Event "Let's Play Chess!"]
[Site "http://www.queenalice.com/game.php?id=1841159"]
[Date "2024.7.31"]
[Round "-"]
[White "igor12345"]
[Black "HTH"]
[Result "0-1"]
[WhiteElo "2009"]
[BlackElo "2366"]

1. e4 c5 2. Nf3 Nc6 3. d4 cxd4 4. Nxd4 Qb6 5. Nxc6 bxc6 6. Nc3 e5 7. a3 Nf6 8.
Bd3 Be7 9. O-O O-O 10. b4 d5 11. Bb2 a5 12. Na4 Qb8 13. c3 dxe4 14. Bc2 Ba6 15.
Re1 Rd8 16. Qc1 Bd3 17. h3 Qb5 18. Bb3 axb4 19. axb4 c5 20. Ba3 Rxa4 21. c4 Qe8
22. Bxa4 Qxa4 23. bxc5 Qc6 24. Qc3 Nd7 25. f3 Nxc5 26. Qxe5 Bf6 27. Qxc5 Bd4+
28. Qxd4 Rxd4 29. c5 Ra4 30. fxe4 Rxa3 0-1

[Event "Let's Play Chess!"]
[Site "http://www.queenalice.com/game.php?id=1844123"]
[Date "2024.9.23"]
[Round "-"]
[White "igor12345"]
[Black "HTH"]
[Result "0-1"]
[WhiteElo "2055"]
[BlackElo "2368"]

1. e4 e5 2. f4 exf4 3. Nf3 g5 4. h3 Bg7 5. d4 d6 6. Bc4 h6 7. b3 Nc6 8. Bb2 Nf6
9. d5 Ne7 10. Nbd2 O-O 11. Bd3 Re8 12. O-O Nfxd5 13. Bxg7 Ne3 14. Qe2 Kxg7 15.
Rfc1 Ng6 16. Nf1 Nxf1 17. Qxf1 Qf6 18. c4 Bd7 19. Qf2 Ne5 20. Nxe5 Rxe5 21. Rc2
Bc6 22. Re1 Rae8 23. Rce2 b6 24. b4 a5 25. b5 Bb7 26. a4 R5e7 27. Qf3 Qd4+ 28.
Kf1 f5 29. Qf2 Qxd3 30. exf5 Rxe2 31. Rxe2 Rxe2 32. Qxe2 Bxg2+ 0-1

[Event "Let's Play Chess!"]
[Site "http://www.queenalice.com/game.php?id=1848005"]
[Date "2024.11.28"]
[Round "-"]
[White "HTH"]
[Black "igor12345"]
[Result "1-0"]
[WhiteElo "2371"]
[BlackElo "2014"]

1. d4 d5 2. Bf4 Nf6 3. Nc3 a6 4. e3 Bg4 5. f3 Bd7 6. e4 e6 7. Bg5 Be7 8. exd5
Nxd5 9. Bxe7 Qxe7 10. Nxd5 exd5+ 11. Qe2 Nc6 12. Qxe7+ Nxe7 13. O-O-O O-O 14.
Ne2 Nf5 15. Nf4 c6 16. g3 Rfe8 17. Bh3 Re7 18. Bxf5 Bxf5 19. g4 Bg6 20. Rde1
Rae8 21. Rxe7 Rxe7 22. Kd2 Kf8 23. h4 f6 24. b4 Be8 25. a4 b6 26. a5 Kf7 27.
axb6 Rb7 28. Nd3 Rxb6 29. c3 Bd7 30. Nc5 Bc8 31. Ra1 g6 32. g5 f5 33. f4 Ke7 34.
h5 Kf7 35. hxg6+ hxg6 36. Rh1 Kg7 37. Nd3 Bd7 38. Ne5 Be8 39. Kc2 Rb5 40. Ra1
Rb6 41. Kb3 Kf8 42. c4 dxc4+ 43. Kxc4 Ke7 44. Rh1 Rb8 45. Rh7+ Kf8 46. Nd7+ Bxd7
47. Rh8+ 1-0

[Event "Let's Play Chess!"]
[Site "http://www.queenalice.com/game.php?id=1853585"]
[Date "2025.3.9"]
[Round "-"]
[White "HTH"]
[Black "igor12345"]
[Result "1-0"]
[WhiteElo "2372"]
[BlackElo "1951"]

1. d4 d5 2. Nc3 Nf6 3. Qd3 a6 4. Bg5 e6 5. e4 dxe4 6. Nxe4 Be7 7. Nxf6+ Bxf6 8.
Bxf6 Qxf6 9. Nf3 h6 10. Qe4 O-O 11. Bd3 g6 12. h4 Kg7 13. h5 Qf5 14. Qe2 Qf4 15.
g3 Qd6 16. hxg6 fxg6 17. Qe3 Rh8 18. Ne5 Nc6 19. Qe4 Nxe5 20. dxe5 Qe7 21. Qxg6+
Kf8 22. Rh4 Qg7 23. Rf4+ Kg8 24. Qe8+ 1-0

[Event "Let's Play Chess!"]
[Site "http://www.queenalice.com/game.php?id=1855616"]
[Date "2025.4.16"]
[Round "-"]
[White "HTH"]
[Black "bobifixer"]
[Result "1-0"]
[WhiteElo "2373"]
[BlackElo "1997"]

1. c3 d5 2. Qa4+ c6 3. g4 h6 4. h3 Nf6 5. Bg2 e5 6. d3 Bd6 7. Nd2 Nbd7 8. Ngf3
O-O 9. Qc2 Nc5 10. Nxe5 Bxe5 11. d4 Bd6 12. dxc5 Bxc5 13. Nb3 Bb6 14. Bf4 Be6
15. e3 Re8 16. Nd4 Bxd4 17. cxd4 Qa5+ 18. Qd2 Qb5 19. a4 Qb6 20. a5 Qd8 21. Qb4
Qe7 22. Qxe7 Rxe7 23. f3 Rae8 24. Kf2 Nd7 25. Bd6 f5 26. Bxe7 Rxe7 27. b4 a6 28.
Bf1 fxg4 29. hxg4 Bf7 30. Bd3 Nf6 31. Rag1 Nh7 32. f4 Nf6 33. Kf3 Kf8 34. g5
hxg5 35. Rh8+ Ng8 36. Rxg5 Re6 37. f5 Rf6 38. Rh7 Ne7 39. Rgxg7 Nxf5 40. Rxf7+
Rxf7 41. Rxf7+ Kxf7 42. Bxf5 Ke7 43. Bc8 Kd6 44. Bxb7 Kc7 45. Bxa6 Kd6 46. Kf4
Ke6 47. Bc8+ Kd6 48. a6 Kc7 49. a7 Kxc8 50. a8=Q+ Kc7 51. Ke5 Kd7 52. Qb7+ Kd8
53. Ke6 c5 54. Qd7# 1-0